| 000 | 02047njm a2200445 c 4500 | ||
|---|---|---|---|
| 003 | BLK | ||
| 005 | 20250324092832.0 | ||
| 008 | 180410b bul||n||s|||||||| n|bulo| | ||
| 010 | _aCDD00000448000 | ||
| 040 | _aBLK | ||
| 041 |
_aDEU _cDEU |
||
| 080 |
_aОпера. Музикална драма. Романтична опера. Опера-приказка _b782.1 _z782.1 |
||
| 100 |
_aMozart, Wolfgang Amadeus _d1756 - 1791 _9386874 |
||
| 139 |
_aMozart, Wolfgang Amadeus _bM 91 |
||
| 245 | 1 | 0 |
_aCosi fan tutte [CD аудио] _bCD 1-2 _c* Волфганг Амадеус Моцарт; Wolfgang Amadeus Mozart; сопран Gundula Janowitz; мецосопран Brigitte Fassbaender; тенор Peter Schreier; баритон Hermann Prey; сопран Reri Grist; баритон Rolando Panerai; изп. Wiener Staatsoperchor; изп. Wiener Philarmoniker; диригент Karl Bohm. _nCD 1 _pOvertura, Atto I, Scena 1-16(1) _sKV588 |
| 257 | _aDEU | ||
| 260 |
_bPolydor _c1989 |
||
| 300 |
_c12 cm. _fбр. в к-т _g1 CD |
||
| 380 | _a7 | ||
| 650 | 4 |
_aОпери _9165041 |
|
| 653 | _aОпера | ||
| 700 |
_aМоцарт, Волфганг Амадеус _d1756 - 1791 _9368558 |
||
| 700 | 1 |
_aJanowitz, Gundula _eсопран _914024 |
|
| 700 | 1 |
_aFassbaender, Brigitte _eмецосопран _99805 |
|
| 700 | 1 |
_aSchreier, Peter _d1935 - 2019 _gТенор _eтенор _923826 |
|
| 700 | 1 |
_aPrey, Hermann _eбаритон _921711 |
|
| 700 | 1 |
_aGrist, Reri _eсопран _911786 |
|
| 700 | 1 |
_aPanerai, Rolando _eбаритон _9353653 |
|
| 700 | 1 |
_aWiener Staatsoperchor _eизп. _9353654 |
|
| 700 | 1 |
_aWiener Philarmoniker _eизп. _9387498 |
|
| 700 | 1 |
_aBohm, Karl _95560 |
|
| 760 | 1 |
_aMozart, Wolfgang Amadeus _h77мин. 36сек. _tCD 1 Overtura, Atto I, Scena 1-16(1) |
|
| 852 |
_aЦб CD 1930 _p0 |
||
| 856 | 4 |
_qpdf _u |
|
| 856 | 4 |
_qpdf _u |
|
| 942 |
_cCDD _n0 |
||
| 944 |
_aCR _c21.10.2008 _k30560 _lГеновева Генчева |
||
| 944 |
_aED _c15.12.2015 _kТеодора_Стоянова |
||
| 999 |
_c216387 _d216387 |
||
| 999 | _d216387 | ||